01710nam a2200373 a 4500001001000000003000500010005001700015008004100032010001100073011001100084040000900095090001000104100004700114245023600161260004100397500006000438502008700498590004100585590004000626590004000666590004000706590004000746650003500786650004400821650006400865650002900929856007000958901000701028942001001035942000601045999001901051952013101070952013501201000113792CHAP20220329144413.0170925s2017 mx a fsm |||||||spa d a110253 a111225 cCHAP aTesis1 aGarcía García, María Eugenia913345210aDiagnóstico de la situación social y económica de los recolectores y artesanos de la palma (Brahea nitida, André) en el municipio de Tepelmeme Villa de Morelos, Oaxaca /h[En línea]cpor María Eugenia García García. aChapingo, Méx. :bEl autor,c2017. aPara ver el contenido del material haga clic en la liga aTesis (Ing. en Restauracíon Forestal) -- UACH. División de Ciencias Forestales aBATCH-UPDb05c20170925lUCH01h1457 aE8697GMMb05c20170925lUCH01h1339 aE8697GMMb05c20170925lUCH01h1351 aE8697GMMb05c20170925lUCH01h1456 aE8697GMMb05c20170925lUCH01h145814aArtes y oficiosxOaxaca.9775614aBrahea nitidaxAprovechamiento.913345414aBrahea nitidaxDistribución geográficazOaxaca.913345314aPalmasxMercadeo.984978 aFinding aiduhttp://10.13.5.2/tesis/sist113792.pdfzTeclea aquí aBK cTESIS n0 c110253d110253 00104054718TESISaBCbBCd2017-09-25fTESISl0oTesisp113794-10r2019-12-31 00:00:00w2019-12-31yTESISzRecien adquirido 00102local4053708TESISaBCbBCcPA_TESISd2017-09-25fTESISl0oTesisp113794-20r2019-12-31 00:00:00tc.2w2019-12-31yTESIS